[Event "Pobeskydy Alpress 16th"]
[Site "Frydek Mistek"]
[Date "2005.03.25"]
[Round "4"]
[White "Snorek, Milan"]
[Black "Lebedev, Vadim"]
[Result "1-0"]
[WhiteElo "2177"]
[BlackElo "1986"]
[PlyCount "95"]
[EventDate "2005.03.24"]
[EventType "swiss"]
[EventRounds "9"]
[EventCountry "CZE"]
[SourceTitle "CBM 105 Extra"]
[Source "ChessBase"]
[SourceDate "2005.05.01"]
[SourceVersion "1"]
[SourceVersionDate "2005.05.01"]
[SourceQuality "1"]

1. d4 Nf6 2. c4 d6 3. Nf3 Nbd7 4. g3 e5 5. Bg2 c6 6. dxe5 dxe5 7. 0-0 Be7 8. b3 0-0 9. Bb2 Qc7 10. Qc2 b6 11. Nc3 Bb7 12. Rfd1 Rfe8 13. Rac1 Nf8 14. e3 Ng6 15. h4 Rad8 16. Ng5 Rxd1+ 17. Rxd1 Rd8 18. Rxd8+ Qxd8 19. Bf3 Ne8 20. Qd1 Bxg5 21. hxg5 Qxg5 22. Qd7 Qe7 23. Bxc6 Qxd7 24. Bxd7 Nf6 25. Bh3 Ne8 26. e4 Nd6 27. f3 Bc8 28. Bf1 Be6 29. Kf2 f6 30. Ba3 Nc8 31. Nb5 Nf8 32. Nc7 Bd7 33. c5 bxc5 34. Bc4+ Kh8 35. Bxc5 Ng6 36. Nd5 Bc6 37. Ba6 Bxd5 38. Bxc8 Ba8 39. Bxa7 Ne7 40. Be6 Nc6 41. Bb6 Nb4 42. a3 Nc2 43. Bc5 Bc6 44. a4 g6 45. Bd5 Bd7 46. a5 Bb5 47. Bc4 Bc6 48. a6 1-0